000 00453cam a22001217a 4500
008 180718b-- xxu||||| |||| 00| 0 eng d
082 _aL906x5433 G
245 _aAccounts at a glance, Punjab
260 _aChandigarh
_b. Principal Accountant General (Accounts and Entitlements)
_c--
500 _aLibrary has 1998/99-2006/07
650 _aPunjab - Appropriations and expenditures
700 _aPunjab. Principal Accountant General (Accounts and Entitlements)
999 _c491399
_d491399